| LEADER | 03640nam a2200373 4500 | ||
|---|---|---|---|
| 082 | |a 340.54 |b NG527NG | ||
| 100 | |a Nguyễn Ngọc Điện | ||
| 245 | |a Giáo trình luật La Mã |c Nguyễn Ngọc Điện | ||
| 260 | |a H.: |b Chính trị Quốc gia, |c 2009. | ||
| 300 | |a 126 tr.; |c 21 cm. | ||
| 520 | |a v.v... | ||
| 653 | |a Luật pháp | ||
| 942 | |2 ddc |c STK0 | ||
| 999 | |c 11230 |d 11230 | ||
| 952 | |0 0 |1 0 |2 ddc |4 0 |6 340_540000000000000_NG527NG |7 0 |8 300 |9 96430 |a qbu |b qbu |c D2 |d 2015-10-01 |g 18000 |o 340.54 NG527NG |p 11006.c1 |r 0000-00-00 |w 2015-10-01 |y STK0 | ||
| 952 | |0 0 |1 0 |2 ddc |4 0 |6 340_540000000000000_NG527NG |7 0 |8 300 |9 96431 |a qbu |b qbu |c D2 |d 2015-10-01 |g 18000 |o 340.54 NG527NG |p 11006.c2 |r 0000-00-00 |w 2015-10-01 |y STK0 | ||
| 952 | |0 0 |1 0 |2 ddc |4 0 |6 340_540000000000000_NG527NG |7 0 |8 300 |9 96432 |a qbu |b qbu |c D2 |d 2015-10-01 |g 18000 |o 340.54 NG527NG |p 11006.c3 |r 0000-00-00 |w 2015-10-01 |y STK0 | ||
| 952 | |0 0 |1 0 |2 ddc |4 0 |6 340_540000000000000_NG527NG |7 0 |8 300 |9 96433 |a qbu |b qbu |c D2 |d 2015-10-01 |g 18000 |o 340.54 NG527NG |p 11006.c4 |r 0000-00-00 |w 2015-10-01 |y STK0 | ||
| 952 | |0 0 |1 0 |2 ddc |4 0 |6 340_540000000000000_NG527NG |7 0 |8 300 |9 96434 |a qbu |b qbu |c D2 |d 2015-10-01 |g 18000 |o 340.54 NG527NG |p 11006.c5 |r 0000-00-00 |w 2015-10-01 |y STK0 | ||
| 952 | |0 0 |1 0 |2 ddc |4 0 |6 340_540000000000000_NG527NG |7 0 |8 300 |9 96435 |a qbu |b qbu |c D2 |d 2015-10-01 |g 18000 |l 1 |o 340.54 NG527NG |p 11006.c6 |r 2015-11-11 |s 2015-11-03 |w 2015-10-01 |y STK0 | ||
| 952 | |0 0 |1 0 |2 ddc |4 0 |6 340_540000000000000_NG527NG |7 0 |8 300 |9 96436 |a qbu |b qbu |c D2 |d 2015-10-01 |g 18000 |o 340.54 NG527NG |p 11006.c7 |r 0000-00-00 |w 2015-10-01 |y STK0 | ||
| 952 | |0 0 |1 0 |2 ddc |4 0 |6 340_540000000000000_NG527NG |7 0 |8 300 |9 96437 |a qbu |b qbu |c D2 |d 2015-10-01 |g 18000 |o 340.54 NG527NG |p 11006.c8 |r 0000-00-00 |w 2015-10-01 |y STK0 | ||
| 952 | |0 0 |1 0 |2 ddc |4 0 |6 340_540000000000000_NG527NG |7 0 |8 300 |9 96438 |a qbu |b qbu |c D2 |d 2015-10-01 |g 18000 |o 340.54 NG527NG |p 11006.c9 |r 0000-00-00 |w 2015-10-01 |y STK0 | ||
| 952 | |0 0 |1 0 |2 ddc |4 0 |6 340_540000000000000_NG527NG |7 0 |8 300 |9 96439 |a qbu |b qbu |c D2 |d 2015-10-01 |g 18000 |o 340.54 NG527NG |p 11006.c10 |r 0000-00-00 |w 2015-10-01 |y STK0 | ||
| 952 | |0 0 |1 0 |2 ddc |4 0 |6 340_540000000000000_NG527NG |7 0 |8 300 |9 96440 |a qbu |b qbu |c D2 |d 2015-10-01 |g 18000 |o 340.54 NG527NG |p 11006.c11 |r 0000-00-00 |w 2015-10-01 |y STK0 | ||
| 952 | |0 0 |1 0 |2 ddc |4 0 |6 340_540000000000000_NG527NG |7 0 |8 300 |9 96441 |a qbu |b qbu |c D2 |d 2015-10-01 |g 18000 |o 340.54 NG527NG |p 11006.c12 |r 0000-00-00 |w 2015-10-01 |y STK0 | ||
| 952 | |0 0 |1 0 |2 ddc |4 0 |6 340_540000000000000_NG527NG |7 0 |8 300 |9 96442 |a qbu |b qbu |c D2 |d 2015-10-01 |g 18000 |o 340.54 NG527NG |p 11006.c13 |r 0000-00-00 |w 2015-10-01 |y STK0 | ||
| 952 | |0 0 |1 0 |2 ddc |4 0 |6 340_540000000000000_NG527NG |7 0 |8 300 |9 96443 |a qbu |b qbu |c D2 |d 2015-10-01 |g 18000 |o 340.54 NG527NG |p 11006.c14 |r 0000-00-00 |w 2015-10-01 |y STK0 | ||
| 952 | |0 0 |1 0 |2 ddc |4 0 |6 340_540000000000000_NG527NG |7 0 |8 300 |9 96444 |a qbu |b qbu |c D2 |d 2015-10-01 |g 18000 |o 340.54 NG527NG |p 11006.c15 |r 0000-00-00 |w 2015-10-01 |y STK0 | ||
| 952 | |0 0 |1 0 |2 ddc |4 0 |6 340_540000000000000_NG527NG |7 0 |8 300 |9 96445 |a qbu |b qbu |c D2 |d 2015-10-01 |g 18000 |l 1 |o 340.54 NG527NG |p 11006.c16 |r 2017-04-05 |s 2017-03-23 |w 2015-10-01 |y STK0 | ||
| 952 | |0 0 |1 0 |2 ddc |4 0 |6 340_540000000000000_NG527NG |7 0 |8 300 |9 96446 |a qbu |b qbu |c D2 |d 2015-10-01 |g 18000 |o 340.54 NG527NG |p 11006.c17 |r 0000-00-00 |w 2015-10-01 |y STK0 | ||
| 952 | |0 0 |1 0 |2 ddc |4 0 |6 340_540000000000000_NG527NG |7 0 |8 300 |9 96447 |a qbu |b qbu |c D2 |d 2015-10-01 |g 18000 |o 340.54 NG527NG |p 11006.c18 |r 0000-00-00 |w 2015-10-01 |y STK0 | ||
| 952 | |0 0 |1 0 |2 ddc |4 0 |6 340_540000000000000_NG527NG |7 0 |8 300 |9 96448 |a qbu |b qbu |c D2 |d 2015-10-01 |g 18000 |o 340.54 NG527NG |p 11006.c19 |r 0000-00-00 |w 2015-10-01 |y STK0 | ||
| 952 | |0 0 |1 0 |2 ddc |4 0 |6 340_540000000000000_NG527NG |7 0 |8 300 |9 96449 |a qbu |b qbu |c D2 |d 2015-10-01 |g 18000 |o 340.54 NG527NG |p 11006.c20 |r 0000-00-00 |w 2015-10-01 |y STK0 | ||